| 000 | 00428nam a2200145Ia 4500 | ||
|---|---|---|---|
| 008 | 211109s9999||||xx |||||||||||||| ||und|| | ||
| 082 |
_a839.8226 _bIBS-B |
||
| 100 | _aIbsen, Henrik, | ||
| 245 | 0 | _aBrand, a Dramatic Poems | |
| 260 |
_bIbsen, s _aMisplace _c1917 |
||
| 300 | _a223p | ||
| 630 | _xGeneral Stack | ||
| 650 |
_aNorwegian drama _vOther Germanic literaturesLiteratures of Germanic languages _xLiterature |
||
| 942 | _cBOOK | ||
| 999 |
_c1956 _d1956 |
||